Los movimientos de emancipación nacional / (Record no. 113304)

MARC details
000 -LEADER
campo de control de longitud fija 00739nam a2200241 i 4500
001 - NÚMERO DE CONTROL
campo de control 113304
003 - IDENTIFICADOR DE NÚMERO DE CONTROL
campo de control ES-MaACL
005 - FECHA Y HORA DE LA ÚLTIMA TRANSACCIÓN
campo de control 20230906185834.0
008 - DATOS DE LONGITUD FIJA--INFORMACIÓN GENERAL
campo de control de longitud fija 061121s1977 sp |||| | spa d
020 ## - NÚMERO INTERNACIONAL ESTÁNDAR DEL LIBRO
Número Internacional Estándar del Libro 84-7367-040-X
080 ## - NÚMERO DE LA CLASIFICACIÓN DECIMAL UNIVERSAL
Número de la Clasificación Decimal Universal 323.17
100 1# - ENTRADA PRINCIPAL--NOMBRE DE PERSONA
Nombre de persona Nin, Andreu.
9 (RLIN) 85748
245 14 - MENCIÓN DEL TÍTULO
Título Los movimientos de emancipación nacional /
Mención de responsabilidad, etc. Andrés Nin ; traducción de Emilio Olcina Aya.
250 ## - MENCION DE EDICION
Mención de edición 2ª ed.
260 ## - PUBLICACIÓN, DISTRIBUCIÓN, ETC.
Lugar de publicación, distribución, etc. Barcelona :
Nombre del editor, distribuidor, etc. Fontamara,
Fecha de publicación, distribución, etc. 1977.
300 ## - DESCRIPCIÓN FÍSICA
Extensión 210 p. ;
Dimensiones 19 cm.
490 1# - MENCIÓN DE SERIE
Mención de serie La naturaleza de las cosas
650 #4 - PUNTO DE ACCESO ADICIONAL DE MATERIA--TÉRMINO DE MATERIA
Término de materia o nombre geográfico como elemento de entrada Autodeterminación nacional.
9 (RLIN) 170862
700 1# - ENTRADA AGREGADA--NOMBRE PERSONAL
Nombre de persona Olcina Aya, Emilio.
9 (RLIN) 86687
830 1# - PUNTO DE ACCESO ADICIONAL DE SERIE-TÍTULO UNIFORME
Título uniforme La naturaleza de las cosas
9 (RLIN) 233182
852 ## - LOCALIZACIÓN
Ubicación ES-MaACL
Número de control de estantería A-6977
Holdings
Estatus retirado Estado de pérdida Estado de daño No para préstamo Biblioteca de origen Biblioteca actual Ubicación en estantería Fecha de adquisición Fuente de adquisición Total de préstamos Signatura topográfica completa Código de barras Visto por última vez Precio de reemplazo Tipo de ítem Koha
        Biblioteca del Ateneo de Madrid Biblioteca del Ateneo de Madrid Sala Pecera Planta 1 17/01/2008     A-6977 1118179 23/02/2023 23/02/2023 Libro impreso